Statistics for Survivor Contestants Season 30: Worlds Apart

Click here to take the quiz!

General Stats

  • This quiz has been taken 78 times
  • The average score is 15 of 18

Answer Stats

FinishContestant% Correct
WinnerMike Holloway
98%
2nd (tie)Will Sims II
95%
2nd (tie)Carolyn Rivera
93%
10thJoe Anglim
93%
4thRodney Lavoie Jr.
92%
5thSierra Dawn Thomas
88%
6thDan Foley
87%
11thHali Ford
87%
8thShirin Oskooi
87%
9thJenn Brown
85%
18thSo Kim
85%
14thMax Dawson
80%
7thTyler Fredrickson
78%
17thVince Sly
78%
13thJoaquin Souberbielle
75%
15thLindsey Cascaddan
67%
12thKelly Remington
65%
16thNina Poersch
65%

Score Distribution

Percentile by Number Answered

Percent of People with Each Score

Your Score History

You have not taken this quiz